Các yếu tố ảnh hưởng đến cấu trúc vốn của các công ty ngành xây dựng niêm yết trên thị trường chứng khoán Việt Nam : Luận văn tốt nghiệp Cao học. Chuyên ngành Tài chính ngân hàng

Đề tài đánh giá khái quát thực trạng cấu trúc vốn, xác định và phân tích các yếu tố ảnh hưởng đến cấu trúc vốn của các công ty ngành xây dựng, đề xuất một số giải pháp nhằm hoàn thiện cấu trúc vốn cho mục tiêu phát triển của các c...

Deskribapen osoa

Gorde:
Xehetasun bibliografikoak
Egile nagusia: Trần, Minh Sơn
Formatua: Liburua
Hizkuntza:Undetermined
Argitaratua: Cần Thơ Trường Đại học Cần Thơ 2014
Gaiak:
Etiketak: Etiketa erantsi
Etiketarik gabe, Izan zaitez lehena erregistro honi etiketa jartzen!
Thư viện lưu trữ: Trung tâm Học liệu Trường Đại học Cần Thơ
LEADER 01310nam a2200217Ia 4500
001 CTU_195985
008 210402s9999 xx 000 0 und d
082 |a 332.642 
082 |b S464 
088 |a 603420 
100 |a Trần, Minh Sơn 
245 0 |a Các yếu tố ảnh hưởng đến cấu trúc vốn của các công ty ngành xây dựng niêm yết trên thị trường chứng khoán Việt Nam : 
245 0 |b Luận văn tốt nghiệp Cao học. Chuyên ngành Tài chính ngân hàng 
245 0 |c Trần Minh Sơn ; Trần Ái Kết (Cán bộ hướng dẫn) 
260 |a Cần Thơ 
260 |b Trường Đại học Cần Thơ 
260 |c 2014 
520 |a Đề tài đánh giá khái quát thực trạng cấu trúc vốn, xác định và phân tích các yếu tố ảnh hưởng đến cấu trúc vốn của các công ty ngành xây dựng, đề xuất một số giải pháp nhằm hoàn thiện cấu trúc vốn cho mục tiêu phát triển của các công ty trong ngành. 
650 |a Thị trường chứng khoán,Stock exchanges 
910 |a Hải 
980 |a Trung tâm Học liệu Trường Đại học Cần Thơ